00549nam a2200193 a 4500001001300000003000900013005001700022008004100039020002300080082001700103100001900120245005300139260004800192300000900240500003500249505003000284650002200314700001900336nice12345678IN_TiNIC20260116014959.0050524s1980 bira grp 000 0 eng  a0819356 c10000a370.114bMUN aMunsey, Brenda aMoral Development. Moral Education, and Kohlberg aBirminghambReligious Education Pressc1980 a477p aincludes index and biblioraphy2 aSubject Index, Name Index aMoral Development1 aMunsey, Brenda